000 00826 a2200217 4500
999 _c4534
_d4534
020 _a9780796922229 (pbk.)
020 _a0796922225 (pbk.)
050 0 0 _aLC 95. S68 MAI 2008
245 0 0 _aEducation and poverty reduction strategies :
_bissues of policy coherence /
_cedited by Simeon Maile.
264 _aCape Town:
_bHuman Sciences Research Council:
_c2008
300 _axxii, 262 p. ;
500 _a"Colloquium proceedings."
504 _aIncludes bibliographical references.
650 0 _aEducation and state
650 0 _aEducational sociology
650 0 _aPoor children
_xEducation
650 0 _aPoverty
700 1 _aMaile, Simeon.
_eEditor
942 _2lcc
_cBK
_h95
_iMAI
_kLC